|
|
|
|
| LEADER |
01433nam a2200397 a 4500 |
| 001 |
EBC459766 |
| 003 |
MiAaPQ |
| 005 |
20200520144314.0 |
| 006 |
m o d | |
| 007 |
cr cn||||||||| |
| 008 |
071220s2008 dcua sb 000 0 eng |
| 010 |
|
|
|z 2007051397
|
| 020 |
|
|
|z 9780821374627
|
| 020 |
|
|
|z 0821374621
|
| 035 |
|
|
|a (MiAaPQ)EBC459766
|
| 035 |
|
|
|a (Au-PeEL)EBL459766
|
| 035 |
|
|
|a (CaPaEBR)ebr10215810
|
| 035 |
|
|
|a (CaONFJC)MIL121775
|
| 035 |
|
|
|a (OCoLC)427509008
|
| 040 |
|
|
|a MiAaPQ
|c MiAaPQ
|d MiAaPQ
|
| 043 |
|
|
|a f-tz---
|
| 050 |
|
4 |
|a HC885.Z65
|b P88 2008
|
| 082 |
0 |
4 |
|a 333.709678
|2 22
|
| 245 |
0 |
0 |
|a Putting Tanzania's hidden economy to work
|h [electronic resource] :
|b reform, management, and protection of its natural resource sector.
|
| 260 |
|
|
|a Washington, D.C. :
|b World Bank,
|c c2008.
|
| 300 |
|
|
|a x, 84 p. :
|b ill.
|
| 490 |
1 |
|
|a A World Bank country study
|
| 504 |
|
|
|a Includes bibliographical references (p. 77-84).
|
| 533 |
|
|
|a Electronic reproduction. Ann Arbor, MI : ProQuest, 2015. Available via World Wide Web. Access may be limited to ProQuest affiliated libraries.
|
| 650 |
|
0 |
|a Natural resources
|z Tanzania.
|
| 651 |
|
0 |
|a Tanzania
|x Economic policy.
|
| 655 |
|
4 |
|a Electronic books.
|
| 710 |
2 |
|
|a World Bank.
|
| 710 |
2 |
|
|a ProQuest (Firm)
|
| 830 |
|
0 |
|a World Bank country study.
|
| 856 |
4 |
0 |
|u https://ebookcentral.proquest.com/lib/matrademy/detail.action?docID=459766
|z Click to View
|